Read, write, edit : (Record no. 7622)
[ view plain ]
| 000 -LEADER | |
|---|---|
| fixed length control field | 00834cam a2200217 a 4500 |
| 020 ## - INTERNATIONAL STANDARD BOOK NUMBER | |
| ISBN | 0618144951 (pbk.) |
| 022 ## - INTERNATIONAL STANDARD SERIAL NUMBER | |
| ISSN | 9780618144952 |
| 050 00 - CALL NUMBER | |
| Classification number | PE1112 |
| Item number | .P578 |
| 100 1# - AUTHOR | |
| Personal name | Porter, Patricia A., |
| 245 10 - TITLE | |
| Title | Read, write, edit : |
| Remainder of title | grammar for college writers / |
| Statement of responsibility, etc | Patricia Porter, Deborah vanDommelen. |
| 260 ## - PUBLICATION INFORMATION | |
| Place of publication | Boston : |
| Name of publisher | Houghton Mifflin, |
| Year of publication | 2005. |
| 300 ## - DESCRIPTION | |
| Number of Pages | xiv, 194 p. : |
| Other physical details | ill. ; |
| Dimensions | 26 cm. |
| 500 ## - NOTES | |
| General note | Includes index. |
| 505 ## - FORMATTED CONTENTS NOTE | |
| Table of Content | Review of grammar basics --<br/>Review of common structure problems : sentence structure, subject-verb agreement, verb tenses --<br/>Verb tenses for generalizations and support, and reportingideas. |
| 650 #0 - SUBJECTS | |
| Topical Term | English language |
| General subdivision | Grammar |
| 650 #0 - SUBJECTS | |
| Topical Term | English language |
| General subdivision | Rhetoric |
| 650 #0 - SUBJECTS | |
| Topical Term | Report writing |
| 650 #0 - SUBJECTS | |
| Topical Term | College readers. |
| 700 1# - OTHER AUTHORS | |
| Personal name | VanDommelen, Deborah. |
| 942 ## - ADDED ENTRY ELEMENTS (KOHA) | |
| Koha item type | Books |
| Withdrawn status | Lost status | Collection code | Home library | Current library | Shelving location | Date acquired | Full call number | Accession Number | Koha item type |
|---|---|---|---|---|---|---|---|---|---|
| Reference | Methodist University Library Main | Methodist University Library Main | General Stacks | 18/03/2013 | PE1112 .P578 | 37412 | Books |